| 000 | 00439 a2200133 4500 | ||
|---|---|---|---|
| 001 | 87747 | ||
| 082 | _aPR 124 | ||
| 090 |
_c41206 _d41206 |
||
| 100 | _aUmair Ahmed, Plt Off 14976 | ||
| 245 | _aDesign and implementation of a frequency hopping system on a software defined radio: phase III | ||
| 260 |
_aRisalpur _bNUST, Risalpur _c2010 |
||
| 300 |
_aviii, 43p. _eSohail Ahmed, Sqn Ldr ; Abdul Rehman, Gp Capt |
||
| 500 | _aBE Project Reports | ||
| 942 |
_aCAE NUST _kPR 124 |
||
| 999 |
_c322820 _d322820 |
||